000 00954nam a2200229Ii 4500
003 JO-AjNU
008 230605s9999||||xx |||||||||||||| ||und||
017 _a2012/1/85
020 _a978-9957-16-785-1
040 _aJO-AjNU
_bara
_erda
_cJO-AjNU
041 _aara
050 1 4 _aKMM272.K43 2021
100 3 _aالخلايلة، محمد علي ,
_eauthor
_962833
245 0 0 _aالقانون الاداري /الكتاب الثاني:الوظيفة العامة،القرارات الادارية،العقود الادارية،الأموال العامة
250 _aط4
264 3 1 _aعمان: دار الثقافة للنشر والتوزيع، 2021
300 _aالكتاب الثاني: 368ص
_bيحتوي على مراجع من ص361-368ص
336 _atext
_btxt
_2rdacontent
337 _aunmediated
_bn
_2rdamedia
338 _avolume
_bnc
_2rdacarrier
650 4 _aالقانون الاداري-الإدارة العامة
_962834
999 _aA28471
_c32039
_d32039